Urban research in Indonacia its evaluation and its future (Record no. 542465)
[ view plain ]
| 000 -LEADER | |
|---|---|
| fixed length control field | 00376nam a22001217a 4500 |
| 082 ## - DEWEY DECIMAL CLASSIFICATION NUMBER | |
| Classification number | 307.7609598 |
| Author Mark | MBO |
| 245 ## - TITLE STATEMENT | |
| Title | Urban research in Indonacia its evaluation and its future |
| Remainder of title | Urban research in the developing world. |
| Statement of responsibility, etc. | Nafsiah Mobi |
| 260 ## - PUBLICATION, DISTRIBUTION, ETC. | |
| Place of publication, distribution, etc. | Cario |
| Name of publisher, distributor, etc. | World Bank |
| 300 ## - PHYSICAL DESCRIPTION | |
| Extent | 97 p. |
| 526 ## - STUDY PROGRAM INFORMATION NOTE | |
| Program name | 0 |
| Interest level | 0 |
| Reading level | 0 |
| Title point value | 307_760959800000000_MBO |
| 650 ## - SUBJECT ADDED ENTRY--TOPICAL TERM | |
| Topical term or geographic name entry element | NUST |
| 9 (RLIN) | 6342 |
| 942 ## - ADDED ENTRY ELEMENTS (KOHA) | |
| Source of classification or shelving scheme | |
| Koha item type | Book |
| Withdrawn status | Lost status | Source of classification or shelving scheme | Damaged status | Not for loan | Permanent Location | Current Location | Date acquired | Total Checkouts | Full call number | Barcode | Date last seen | Price effective from | Koha item type |
|---|---|---|---|---|---|---|---|---|---|---|---|---|---|
| Military College of Engineering (MCE) | Military College of Engineering (MCE) | 12/23/2013 | 307.7609598 MBO | MCE-42062 | 12/23/2013 | 12/23/2013 | Book |
